Statistiques concernant They Shoot Pictures, Don't They? - films 941 à 960

Cliquez ici pour prendre le quiz!

Statistiques générales

  • Ce quiz a été pris 28 fois
  • Le résultat moyen est 5 sur 20

Statistiques - réponses

Réponse% Correct
Léon
100%
American Beauty
79%
Spartacus
63%
Duel
50%
A History of Violence
46%
Un Américain à Paris
42%
Le Boucher
38%
Les Dieux du stade
25%
La Bête Humaine
17%
La Rivière
17%
Les mille et une nuits
17%
Reds
17%
American Graffiti
8%
Moi, un Noir
8%
Numéro deux
8%
Aux frontières de l'aube
4%
Elephant
4%
Non réconciliés
4%
Handsworth Songs
0%
Les Désemparés
0%

Distribution des résultats

Percentile par nombre de réponses

% des personnes avec chaque résultat

Votre développement - résultats

Vous n’avez pas pris ce quiz